Statistics for Premier League Odd One Out

Click here to take the quiz!

General Stats

  • This quiz has been taken 37 times
  • The average score is 4 of 10

Answer Stats

QuestionAnswer% Correct
20/21 Season ClubsNorwich
88%
20/21 Season StadiumsPride Park
88%
Club PlayersPaulo Dybala
59%
17/18 SeasonHuddersfield
44%
All time playersFernando Torres
34%
92/93 Premier League Debut AppearancesNottingham Forest
25%
All time clubsBlackpool
22%
15/16 Season StadiumsArsenal
16%
GoalkeepersLiverpool
13%
Premier League ChampionsManchester City
13%

Score Distribution

Percentile by Number Answered

Percent of People with Each Score

Your Score History

You have not taken this quiz